[Event "TUR-chT2"]
[Site "Konya"]
[Date "2014.06.26"]
[Round "5.9"]
[White "Yanar, Mehmet"]
[Black "Dalgar, Hakki Berat"]
[Result "1/2-1/2"]
[WhiteElo "1670"]
[BlackElo "1687"]
[PlyCount "32"]
[EventDate "2014.06.23"]
[EventType "team-swiss"]
[EventRounds "9"]
[EventCountry "TUR"]
[SourceTitle "CBM 161 Extra"]
[Source "ChessBase"]
[SourceDate "2014.08.29"]
[SourceVersion "1"]
[SourceVersionDate "2014.08.29"]
[SourceQuality "1"]
[WhiteTeam "Gokce"]
[BlackTeam "Antalya"]
[WhiteTeamCountry "TUR"]
[BlackTeamCountry "TUR"]

1. e4 c6 2. d4 d5 3. e5 c5 4. c3 Nc6 5. h3 e6 6. Nf3 Nge7 7. Bd3 Qb6 8. a3 Bd7 9. Bc2 Rc8 10. 0-0 Ng6 11. Re1 Be7 12. Ra2 0-0 13. g3 Qc7 14. Bd3 Qb6 15. Bc2 Qc7 16. Bd3 Qd8 1/2-1/2

[Event "TUR-chT2"]
[Site "Konya"]
[Date "2014.06.25"]
[Round "4.8"]
[White "Gulden, Egemen"]
[Black "Yanar, Mehmet"]
[Result "1-0"]
[WhiteElo "1704"]
[BlackElo "1670"]
[PlyCount "57"]
[EventDate "2014.06.23"]
[EventType "team-swiss"]
[EventRounds "9"]
[EventCountry "TUR"]
[SourceTitle "CBM 161 Extra"]
[Source "ChessBase"]
[SourceDate "2014.08.29"]
[SourceVersion "1"]
[SourceVersionDate "2014.08.29"]
[SourceQuality "1"]
[WhiteTeam "Tasduvar"]
[BlackTeam "Gokce"]
[WhiteTeamCountry "TUR"]
[BlackTeamCountry "TUR"]

1. e4 c5 2. Nc3 d6 3. g3 Nc6 4. Bg2 Nf6 5. Nge2 g6 6. d3 Bg7 7. h3 0-0 8. Be3 a6 9. Qd2 Re8 10. 0-0 Qb6 11. Rab1 Nd4 12. f4 Nxe2+ 13. Nxe2 Be6 14. g4 Bxa2 15. Ra1 Be6 16. f5 Bd7 17. c3 Bb5 18. g5 Nd7 19. Nf4 Bc6 20. Qf2 Rf8 21. Rad1 Ne5 22. f6 exf6 23. gxf6 Bh8 24. Nd5 Bxd5 25. exd5 Qc7 26. d4 cxd4 27. Rxd4 Qd7 28. Rh4 Nd3 29. Qg3 1-0

[Event "TUR-chT2"]
[Site "Konya"]
[Date "2014.06.24"]
[Round "2.4"]
[White "Ozdemir, Serhan Berat"]
[Black "Yanar, Mehmet"]
[Result "1-0"]
[WhiteElo "1597"]
[BlackElo "1670"]
[PlyCount "75"]
[EventDate "2014.06.23"]
[EventType "team-swiss"]
[EventRounds "9"]
[EventCountry "TUR"]
[SourceTitle "CBM 161 Extra"]
[Source "ChessBase"]
[SourceDate "2014.08.29"]
[SourceVersion "1"]
[SourceVersionDate "2014.08.29"]
[SourceQuality "1"]
[WhiteTeam "Alapli"]
[BlackTeam "Gokce"]
[WhiteTeamCountry "TUR"]
[BlackTeamCountry "TUR"]

1. e4 c5 2. Nf3 Nc6 3. d4 cxd4 4. Nxd4 Nf6 5. Nc3 e5 6. Ndb5 d6 7. Bg5 a6 8. Na3 b5 9. Nd5 Be7 10. Bxf6 Bxf6 11. c3 0-0 12. Nc2 Bg5 13. a4 bxa4 14. Rxa4 a5 15. Bc4 Rb8 16. b3 Kh8 17. 0-0 f5 18. exf5 Bxf5 19. Nce3 Be6 20. Qc2 Rb7 21. Qe4 Rbf7 22. h3 Bh6 23. Ra2 Nb8 24. Qb1 Qh4 25. Bd3 Nd7 26. Ra4 Qh5 27. Rxa5 Bf4 28. Qd1 Qg5 29. Nxf4 Rxf4 30. Kh2 Rxf2 31. Rxf2 Rxf2 32. Ra8+ Nf8 33. Qe1 Qf4+ 34. Kg1 Rb2 35. Bf5 Rxg2+ 36. Kxg2 Bd5+ 37. Nxd5 Qxf5 38. Qf2 1-0